Combined Song Titles - Statistics

General Stats
  • This quiz has been taken 83 times
  • The average score is 11 of 15
Answer Stats
Hint Answer % Correct
Hotel ____ Girls California
97%
It’s my _____ is a highway Life
94%
Under the ___ Over Troubled Water Bridge
93%
Back in ___ hole sun Black
89%
Dude looks like a ____ Madonna Lady
85%
Crocodile ___ the Casbah Rock
85%
Black ___ of ‘69 Summer
85%
You shook me all night ___ December Long
83%
Closing ___ after time Time
79%
Learn to ___ away Fly
71%
Welcome to ___ city Paradise
68%
Kickstart my ___ of the sunrise Heart
64%
Runnin’ Down a ___ on Dream
50%
No sleep till ___ bridge to chorus Brooklyn
49%
I love ___ ___ ___ life style Rock and roll
18%
No matching quizzes found
Score Distribution
Percent of People with Each Score
Percentile by Number Answered
Your Score History
You have not taken this quiz